000 00320nam a22001457a 4500
003 SGT
082 _a617.7
_bM17K
100 _aKHURANA, A. K.
245 _aMSO SERIES ANATOMY AND PHYSIOLOGY OF EYE
250 _a3RD
260 _aINDIA
_bCBS
_c2017
300 _a603
650 _aOPHTHALMOLOGY
942 _2ddc
_cBK
999 _c14635
_d14635